| 000 | 00499nam a2200193Ia 4500 | ||
|---|---|---|---|
| 003 | GCL | ||
| 040 |
_aGCL / _cGCL |
||
| 082 | 0 | 4 |
_a433.2 _bM O |
| 100 | 1 | _aMORRIS, NEIL | |
| 245 | 1 | 0 |
_aTHE OXFORD STARTER GERMAN DICTIONARY / _cMORRIS, NEIL |
| 700 | 1 | _aMORRIS, ROSWITHA | |
| 260 |
_a[S.N] : _bOXFORD UNIVERSITY PRESS ، _c1997 |
||
| 300 | _a356 P | ||
| 650 | 0 | 4 | _aGERMAN LANGUAGE |
| 650 | 0 | 4 | _aDICTIONARIES |
| 650 | 0 | 4 | _aLANGUAGES |
| 650 | 0 | 4 | _aENGLISH LANGUAGE - DICTIONARIES |
| 942 |
_2ddc _cBK |
||
| 999 |
_c15681 _d15681 |
||